Happy Place - A TADC Song - Statistics

General Stats
  • This quiz has been taken 80 times
  • The average score is 243 of 371
Answer Stats
Hint Answer % Correct
(Caine) | (Gangle) | (Pomni) | (Ragatha) A
90%
(All) | (Caine) | (Pomni) I
90%
(All) (I
90%
(All) | (Caine) The
88%
(All) | (Caine) Caine
86%
(Caine) Me
84%
(Caine) Me!
84%
(Caine) Me.
84%
(Pomni) Fu-
82%
(All) | (Caine) Game
82%
(All) Life!)
82%
(Caine) Life!
82%
(Gangle) | (Ragatha) Life
82%
(Caine) | (Gangle) | (Kinger) | (Ragatha) Like
82%
(Caine) Like:
82%
(All) | (Caine) | (Jax) | (Kinger) My
80%
(Caine) To
80%
(Caine) You
80%
(Caine) Be
78%
(Caine) | (Ragatha) Feelin'
78%
(All) | (Caine) For
78%
(Caine) | (Jax) | (Kinger) In
78%
(Pomni) No,
78%
(Pomni) no,
78%
(Caine) | (Pomni) No
78%
(All) | (Caine) Of
78%
(Caine) We
78%
(Caine) Could
76%
(Caine) | (Pomni) Give
76%
(Caine) So
76%
(All) | (Caine) Super-
76%
(Caine) That
76%
(Caine) | (Gangle) | (Ragatha) This
76%
(Caine) When
76%
(All) Boredom...?
74%
(Caine) Boredom!
74%
(All) | (Caine) Curing
74%
(Caine) | (Pomni) Don't
74%
(All) | (Caine) Duper-
74%
(Caine) Go
74%
(Caine) | (Pomni) Happy
74%
(Caine) It
74%
(Pomni) What!?
74%
(Caine) What
74%
(Gangle) | (Ragatha) Dum
72%
(Gangle) | (Ragatha) Dum,
72%
(Pomni) Flying
72%
(Caine) | (Pomni) Got
72%
(Caine) | (Gangle) | (Ragatha) Is
72%
(Caine) | (Pomni) Not
72%
(Caine) | (Pomni) Play!
72%
(Caine) Surprise!
72%
(Caine) With
72%
(All) | (Caine) Hate
70%
(All) I'm
70%
(All) | (Caine) (It's
70%
(Caine) It's
70%
(Gangle) | (Ragatha) Sucks
70%
(Caine) Adventure,
68%
(Caine) And
68%
(Caine) | (Pomni) Couldn't
68%
(Caine) Get
68%
(Caine) Love
68%
(All) | (Caine) Mega-
68%
(Pomni) Place
68%
(Caine) Real
68%
(Caine) That's
68%
(Caine) | (Pomni) Wanna
68%
(Caine) You're
68%
(Jax) | (Kinger) Bangin'
66%
(Caine) But
66%
(All) | (Caine) Fantastic
66%
(Caine) Fun,
66%
(Jax) | (Kinger) Head!
66%
(Caine) If
66%
(All) | (Caine) Mind
66%
(Caine) Say
66%
(Caine) Better
64%
(Pomni) Half
64%
(All) Inside
64%
(All) | (Caine) Leave
64%
(Caine) Looks
64%
(Caine) Luck
64%
(Caine) Way
64%
(Caine) Weird
64%
(Caine) You'll
64%
(All) Back
62%
(Caine) Big
62%
(Caine) Fine
62%
(Caine) Found
62%
(Caine) Guys
62%
(Caine) Help
62%
(Caine) Just
62%
(Caine) Much
62%
(All) Trapped
62%
(Caine) Vibe
62%
(Caine) Well,
62%
(Caine) Well...
62%
(Caine) Clue
60%
(Caine) Free
60%
(All) Gotta
60%
(Caine) Realise
60%
(Caine) Through
60%
(Caine) Why
60%
(Caine) Might
58%
(Caine) Than
58%
(Caine) Am
56%
(Caine) Gets
56%
(Caine) How
56%
(Kinger) Sounds
56%
(Caine) Surprised
56%
(Pomni) Again!
54%
(Pomni) I've
54%
(Caine) Means
54%
(Caine) Ticket
54%
(Caine) Cure
52%
(Caine) Every
52%
(Caine) Has
52%
(Caine) Impolite
52%
(Caine) One
52%
(Caine) Try
52%
(Gangle) | (Ragatha) Bunch'a-
50%
(Caine) Each
50%
(Kinger) Funky
50%
(Kinger) Some
50%
(Jax) | (Kinger) Bum!
48%
(Kinger) Coming
48%
(Kinger) From
48%
(Caine) Hahaha,
48%
(Caine) Happening,
48%
(Jax) | (Kinger) -Humdrum,
48%
(Caine) Our
48%
(Caine) See
48%
(Kinger) There's
48%
(Kinger) Tunes
48%
(Caine) Bother
46%
(Caine) Earned
46%
(Caine) Having
46%
(Caine) Leaving?
46%
(Caine) Let
46%
(All) Never
46%
(Caine) Smile
46%
(Caine) Here,
44%
(Caine) Here
44%
(Caine) Ol'
44%
(Caine) Or
44%
(Caine) Rules
44%
(Kinger) Within!
44%
(Caine) Begun
42%
(Caine) Deceiving
42%
(Caine) Doing
42%
(All) Done)
42%
(Caine) Glad
42%
(Caine) Know
42%
(Caine) Awful
40%
(Caine) Gonna
40%
(Caine) Only
40%
(Caine) Will
40%
(Caine) World
40%
(Caine) Break
38%
(Caine) Time)
38%
(Caine) Can
36%
(Caine) Need
36%
(Caine) Party's
36%
(Caine) Saying
36%
(Caine) Things
36%
(Caine) Too.
36%
(Caine) Agree
34%
(Gangle) Feeling
34%
(Caine) Now?
34%
(Caine) Show
34%
(Caine) Top
34%
(Caine) Without
34%
(Caine) Adventures.
32%
(Caine) I'll
32%
(Caine) May
32%
(Caine) Agony
30%
(Caine) All
30%
(Caine) Family!
30%
(Caine) Off
30%
(Caine) Violence,
30%
(Caine) Though
28%
(Caine) Torture
28%
(Caine) Ravenous
26%
(Caine) Really
26%
(Caine) Lesson
24%
(Caine) Valuable
24%
(Caine) Learned
22%
(Caine) Today...
22%
(Caine) Thriving
18%
(Caine) Wacked-Out
18%
No matching quizzes found
Score Distribution
Percent of People with Each Score
Percentile by Number Answered
Your Score History
You have not taken this quiz